Все домашние работы за 10 класс (Запись № 531482)

Подробности
000 -МАРКЕР
контрольное поле 02006nam0a2200385 4500
001 - ИДЕНТИФИКАТОР ЗАПИСИ
контрольное поле RU\NLR\bibl\1300804
005 - ИДЕНТИФИКАТОР ВЕРСИИ
контрольное поле 20260531064417.0
010 ## - МЕЖДУНАРОДНЫЙ СТАНДАРТНЫЙ НОМЕР КНИГИ (ISBN)
Номер (ISBN) 978-5-377-02180-3
Тираж 40000
021 ## - НОМЕР ГОСУДАРСТВЕННОЙ РЕГИСТРАЦИИ
Код страны Российская Федерация
Номер 2008-80527
Номер Листа государственной регистраци 4679
035 ## - ДРУГИЕ СИСТЕМНЫЕ НОМЕРА
Идентификатор записи (NLR Aleph) 001286393
100 ## - ДАННЫЕ ОБЩЕЙ ОБРАБОТКИ
Данные общей обработки 20081201d2009 |||y0rusy50 ca
101 0# - ЯЗЫК РЕСУРСА
Язык текста, звукозаписи и т.д. русский
-- английский
102 ## - СТРАНА ПУБЛИКАЦИИ ИЛИ ПРОИЗВОДСТВА
Страна публикации Российская Федерация
105 ## - ПОЛЕ КОДИРОВАННЫХ ДАННЫХ: ТЕКСТОВЫЕ МАТЕРИАЛЫ, МОНОГРАФИЧЕСКИЕ
Кодированные данные о монографическом текстовом документе a |||||||||
200 1# - ЗАГЛАВИЕ И СВЕДЕНИЯ ОБ ОТВЕТСТВЕННОСТИ
Основное заглавие Все домашние работы за 10 класс
Сведения, относящиеся к заглавию [алгебра и начала анализа, русский язык, геометрия, английский язык, немецкий язык, химия, физика
-- контрольные работы, лабораторные опыты, практические занятия, рабочие теради и книги для чтения]
-- учебно-методическое пособие
Первые сведения об ответственности [Ивашова О. Д. и др.]
205 ## - СВЕДЕНИЯ ОБ ИЗДАНИИ
Сведения об издании Изд. 8-е, перераб. и испр.
210 ## - ПУБЛИКАЦИЯ, РАСПРОСТРАНЕНИЕ И ДР.
Место издания, распространения и т.д. Москва
Имя издателя, распространителя и т. д. Экзамен
Дата издания, распространения и т.д. 2009 [т. е. 2008]
215 ## - ФИЗИЧЕСКАЯ ХАРАКТЕРИСТИКА
Специфическое обозначение материала и объем 766 с.
Другие сведения о физической характеристике ил.
Размеры 17
225 1# - СЕРИЯ
Основное заглавие серии Серия "Все домашние работы"
225 1# - СЕРИЯ
Основное заглавие серии Исправили, дополнили, переработали!
225 1# - СЕРИЯ
Основное заглавие серии Только для родителей!
300 ## - ОБЩИЕ ПРИМЕЧАНИЯ
Текст примечания Загл. обл. и корешка: Все домашние работы: 10 класс
300 ## - ОБЩИЕ ПРИМЕЧАНИЯ
Текст примечания Часть текста на англ. яз.
300 ## - ОБЩИЕ ПРИМЕЧАНИЯ
Текст примечания Кн. фактически издана в 2008 г.
512 0# - ЗАГЛАВИЕ ОБЛОЖКИ
Заглавие обложки Все домашние работы
Сведения, относящиеся к заглавию 10 класс
606 1# - НАИМЕНОВАНИЕ ТЕМЫ КАК ПРЕДМЕТ
Наименование темы Домашние задания
Формальный подзаголовок Учебно-методические пособия
Тематический подзаголовок Средняя школа
Системный номер авторитетной/нормативной записи 2314657
Идентификатор авторитетной/нормативной записи RU\NLR\auth\661385089
686 ## - ИНДЕКСЫ ДРУГИХ КЛАССИФИКАЦИЙ
Индекс Ч421.265я7
702 #1 - ИМЯ ЛИЦА - ВТОРИЧНАЯ ОТВЕТСТВЕННОСТЬ
Код отношения Составитель
Материалы, к которым относится поле rus
Графика поля Кириллица
Начальный элемент ввода Ивашова
Часть имени, кроме начального элемента ввода О. Д.
Расширение инициалов личного имени Олеся Дамировна
Идентификатор авторитетной/нормативной записи RU\NLR\auth\7720253
Системный номер авторитетной/нормативной записи 3321
801 #0 - ИСТОЧНИК ЗАПИСИ
Страна Российская Федерация
Организация NLR
Дата составления 20081201
Правила каталогизации RCR
801 #1 - ИСТОЧНИК ЗАПИСИ
Страна Российская Федерация
Организация NLR
Дата составления 20081201
942 ## - ДОПОЛНИТЕЛЬНЫЕ ЭЛЕМЕНТЫ ЗАПИСИ (АБИС)
Тип экземпляра АБИС Книга
980 ## - КОЛЛЕКЦИЯ
Название коллекции Национальная библиография
Экземпляры
Тип экземпляра Дата поступления Источник поступления Библиотека постоянного хранения Библиотека текущего хранения Место хранения Шифр хранения Штрих-код Статус экземпляра
Книга 01.12.2008 Обязательный экземпляр РНБ (Московский) РНБ (Московский) Русский книжный фонд: издания с 1957 года 2008-2/5298 2801852  
Книга 01.12.2008 Обязательный экземпляр РНБ (Московский) РНБ (Московский) Обменный фонд   2801853